000 00441nam a22001577a 4500
999 _c19286
_d19286
003 OSt
005 20210115084627.0
008 161006b xxu||||| |||| 00| 0 eng d
040 _aMMU
_beng
_cMMU
_dMMU
050 _aSB191 .R49 2001
245 _aApplicationof physiology in wheat breeding
_cM.P Reynolds ...[et al.].
260 _aMexico :
_bCIMMTY,
_c2001,
300 _a240 p. :
_bill.;
650 _aWheat breeding
942 _2lcc
_cLOAN LOAN